000 00336nam a22001457a 4500
008 221014b ||||| |||| 00| 0 eng d
020 _a9789997638243
041 _aeng
080 _2SIXTH EDITION
_a616.9
082 _a616.9 MAN
100 _a16.2
101 _aINFEK
245 _aINFECTIOUS DISEASES
_cMANDELL G
942 _2udc
_cBK
999 _c58556
_d58556